000 00356nam a22001457a 4500
999 _c253440
_d253439
003 OSt
005 20240725103732.0
008 160510b xxu||||| |||| 00| 0 eng d
020 _a978-0--87289-289-7
040 _cN/A
100 _aWILLIAM ROBERTS CLARK
245 _aPRINCIPLES OF COMPARATIVE POLITICS
260 _aUSA
_bSAGE
_c2009
942 _2lcc
_cBK